书目信息 |
| 题名: |
中国婚俗文化
|
|
| 作者: | 徐明月 , 尚论聪 主编 ;大中国上下五千年编委会 编撰 | |
| 分册: | ||
| 出版信息: | 北京 外文出版社 2010 |
|
| 页数: | 245页 | |
| 开本: | 24cm | |
| 丛书名: | 大中国上下五千年 | |
| 单 册: | ||
| 中图分类: | K892.22 | |
| 科图分类: | ||
| 主题词: | 婚姻--风俗习惯--中国 , 婚姻 , 风俗习惯 | |
| 电子资源: | ||
| ISBN: | 978-7-119-06561-8 | |
| 000 | 01109oam2 2200301 45 | |
| 001 | 1133487203 | |
| 005 | 20110413093400.07 | |
| 010 | @a978-7-119-06561-8@dCNY23.80 | |
| 100 | @a20110406d2010 em y0chiy0110 ea | |
| 101 | 0 | @achi |
| 102 | @aCN@b110000 | |
| 105 | @aa z 000yy | |
| 106 | @ar | |
| 200 | 1 | @a中国婚俗文化@AZhong Guo Hun Su Wen Hua@e图文全彩@ETu Wen Quan Cai@f徐明月,尚论聪主编@FXu Ming Yue, Shang Lun Cong Zhu Bian@g丛书编委会编撰 |
| 210 | @a北京@c外文出版社@d2010 | |
| 215 | @a245页@d24cm | |
| 225 | 2 | @a大中国上下五千年 |
| 330 | @a本书通过传说、历史典故、历史背景、历史人物、各地遗留婚俗等方面对婚俗文化加以解读,给读者呈现了一幅鲜活生动却又有着厚重文化积淀的中华婚俗文化风情画卷。 | |
| 461 | 0 | @12001 @a大中国上下五千年 |
| 606 | 0 | @a婚姻@x风俗习惯@y中国 |
| 606 | 0 | @a婚姻 |
| 606 | 0 | @a风俗习惯 |
| 690 | @aK892.22@v4 | |
| 701 | 0 | @a徐明月@AXu Ming Yue@4主编 |
| 701 | 0 | @a尚论聪@AShang Lun Cong@4主编 |
| 712 | 02 | @a大中国上下五千年编委会@ADa Zhong Guo Shang Xia Wu Qian Nian Bian Wei Hui@4编撰 |
| 801 | 0 | @aCN@bTANGWEI@c20110413 |
| 905 | @b0533648-52@dK892.22@e164@f5 | |
| 中国婚俗文化:图文全彩/徐明月,尚论聪主编/丛书编委会编撰.-北京:外文出版社,2010 |
| 245页;24cm.-(大中国上下五千年) |
| ISBN 978-7-119-06561-8:CNY23.80 |
| 本书通过传说、历史典故、历史背景、历史人物、各地遗留婚俗等方面对婚俗文化加以解读,给读者呈现了一幅鲜活生动却又有着厚重文化积淀的中华婚俗文化风情画卷。 |
| ● |
| 相关链接 |
|
|
|
|
正题名:中国婚俗文化
索取号:K892.22/164
 
预约/预借
| 序号 | 登录号 | 条形码 | 馆藏地/架位号 | 状态 | 备注 |
| 1 | 0533648 | 205336484 | 第二样本阅览室/ [索取号:K892.22/164] | 在馆 | |
| 2 | 0533649 | 205336493 | 第二借阅区/ [索取号:K892.22/164] | 在馆 | |
| 3 | 0533650 | 205336509 | 第二借阅区/ [索取号:K892.22/164] | 在馆 | |
| 4 | 0533651 | 205336518 | 第二借阅区/ [索取号:K892.22/164] | 在馆 | |
| 5 | 0533652 | 205336527 | 第二借阅区/ [索取号:K892.22/164] | 在馆 |